The Chinese puzzle

Bibliographic Details
Main Author: Graham, Harriet
Format: Book
Published: London : Andre Deutsch Ltd , 1987
Subjects:

MARC

LEADER 00000cam a2200000 7i4500
001 0000003824
002 000004123
005 20000330.0
020 |a 0233980725 
090 0 0 |a JF   |b GRA 
100 1 |a Graham, Harriet 
245 1 4 |a The Chinese puzzle   |c Harriet Graham 
260 |a London :   |b Andre Deutsch Ltd ,   |c 1987 
300 |a 180p. :   |b 21cm 
650 0 0 |a Children's stories 
999 |a 032382   |b BUKU   |c JUNIOR FICTION   |e PERPUSTAKAAN KOMUNITI PETALING JAYA 
999 |a 032383   |b BUKU   |c PINJAMAN   |e PERPUSTAKAAN KOMUNITI PETALING JAYA